<?xml version="1.0" encoding="UTF-8"?>
<record
    xmlns:xsi="http://www.w3.org/2001/XMLSchema-instance"
    xsi:schemaLocation="http://www.loc.gov/MARC21/slim http://www.loc.gov/standards/marcxml/schema/MARC21slim.xsd"
    xmlns="http://www.loc.gov/MARC21/slim">

  <leader>01469nam a2200277 a 4500</leader>
  <controlfield tag="001">000045119</controlfield>
  <controlfield tag="003">OSt</controlfield>
  <controlfield tag="005">20210505151705.0</controlfield>
  <controlfield tag="008">150203s2012    dr abc        000 0 spa d</controlfield>
  <datafield tag="040" ind1=" " ind2=" ">
    <subfield code="a">DO-SdBNP</subfield>
    <subfield code="b">spa</subfield>
    <subfield code="c">BNPHU</subfield>
  </datafield>
  <datafield tag="082" ind1=" " ind2="4">
    <subfield code="a">306.097293</subfield>
    <subfield code="b">C153v</subfield>
    <subfield code="2">22</subfield>
  </datafield>
  <datafield tag="245" ind1="1" ind2="0">
    <subfield code="a">Calidad de vida : </subfield>
    <subfield code="b">estudio socioecon&#xF3;mico de hogares  modelo de categorizaci&#xF3;n optimizado.</subfield>
  </datafield>
  <datafield tag="246" ind1="1" ind2="0">
    <subfield code="a">Calidad de vida : estudio socioecon&#xF3;mico de hogares en Rep&#xFA;blica Dominicana</subfield>
  </datafield>
  <datafield tag="260" ind1=" " ind2=" ">
    <subfield code="a">Santo Domingo :</subfield>
    <subfield code="b">SIUBEN,</subfield>
    <subfield code="c">2012.</subfield>
  </datafield>
  <datafield tag="300" ind1=" " ind2=" ">
    <subfield code="a">326 p. :</subfield>
    <subfield code="b">il., mapas, retrs. ;</subfield>
    <subfield code="c">28 cm.</subfield>
  </datafield>
  <datafield tag="500" ind1=" " ind2=" ">
    <subfield code="a">Incluye referencias bibliogr&#xE1;ficas y notas al pie de las p&#xE1;ginas.</subfield>
  </datafield>
  <datafield tag="504" ind1=" " ind2=" ">
    <subfield code="a">Bibliograf&#xED;a : p. 326</subfield>
  </datafield>
  <datafield tag="505" ind1="0" ind2=" ">
    <subfield code="a">Introducci&#xF3;n --</subfield>
    <subfield code="t">Contexto operativo del SIUBEN --</subfield>
    <subfield code="t">Folizaci&#xF3;n de la pol&#xED;tica social --</subfield>
    <subfield code="t">El &#xED;ndice de calidad de vida (ICV). Instrumento para la categorizaci&#xF3;n y focalizaci&#xF3;n de los hogares --</subfield>
    <subfield code="t">Aspectos metodol&#xF3;gicos del estudio socioecon&#xF3;mico de hogares --</subfield>
    <subfield code="t">Estudio socioecon&#xF3;mico de hogares 2012: Principales resultados --</subfield>
    <subfield code="t">Reflexiones finales.</subfield>
  </datafield>
  <datafield tag="590" ind1=" " ind2=" ">
    <subfield code="a">Inventariado, 2019/MFF</subfield>
  </datafield>
  <datafield tag="650" ind1=" " ind2="4">
    <subfield code="a">Calidad vida</subfield>
    <subfield code="9">73134</subfield>
  </datafield>
  <datafield tag="651" ind1=" " ind2="4">
    <subfield code="a">Rep&#xFA;blica Dominicana</subfield>
    <subfield code="x">Poblaci&#xF3;n</subfield>
    <subfield code="x">Aspectos Econ&#xF3;micos</subfield>
    <subfield code="9">35343</subfield>
  </datafield>
  <datafield tag="651" ind1=" " ind2="4">
    <subfield code="a">Rep&#xFA;blica Dominicana</subfield>
    <subfield code="x">Poblaci&#xF3;n</subfield>
    <subfield code="x">Aspectos Sociales</subfield>
    <subfield code="9">73135</subfield>
  </datafield>
  <datafield tag="710" ind1="2" ind2=" ">
    <subfield code="a">Rep&#xFA;blica Dominicana.</subfield>
    <subfield code="b">Vicepresidencia de la Rep&#xFA;blica</subfield>
    <subfield code="b">Sistema &#xDA;nico de Beneficiarios</subfield>
    <subfield code="9">73136</subfield>
  </datafield>
  <datafield tag="910" ind1=" " ind2=" ">
    <subfield code="a">Validado. Control de calidad MFF</subfield>
  </datafield>
  <datafield tag="942" ind1=" " ind2=" ">
    <subfield code="2">ddc</subfield>
    <subfield code="c">LBS1</subfield>
  </datafield>
  <datafield tag="952" ind1=" " ind2=" ">
    <subfield code="0">0</subfield>
    <subfield code="1">0</subfield>
    <subfield code="2">ddc</subfield>
    <subfield code="5">1</subfield>
    <subfield code="7">1</subfield>
    <subfield code="8">PD</subfield>
    <subfield code="a">BNPHU</subfield>
    <subfield code="b">PD</subfield>
    <subfield code="c">HD</subfield>
    <subfield code="d">2015-02-03</subfield>
    <subfield code="l">0</subfield>
    <subfield code="o">BNPHU PD 306.097293 C153v</subfield>
    <subfield code="p">45119-10</subfield>
    <subfield code="r">2020-06-25</subfield>
    <subfield code="w">2020-06-25</subfield>
    <subfield code="y">LFPD</subfield>
  </datafield>
  <datafield tag="952" ind1=" " ind2=" ">
    <subfield code="0">0</subfield>
    <subfield code="1">0</subfield>
    <subfield code="2">ddc</subfield>
    <subfield code="5">1</subfield>
    <subfield code="7">2</subfield>
    <subfield code="8">PD</subfield>
    <subfield code="a">BNPHU</subfield>
    <subfield code="b">BNPHU</subfield>
    <subfield code="c">HD</subfield>
    <subfield code="d">2020-11-25</subfield>
    <subfield code="e">ODECOPLIN</subfield>
    <subfield code="l">0</subfield>
    <subfield code="o">BNPHU PD 306.097293 C153v</subfield>
    <subfield code="p">2021-1660</subfield>
    <subfield code="r">2020-11-25</subfield>
    <subfield code="t">e. 2</subfield>
    <subfield code="w">2020-11-25</subfield>
    <subfield code="y">LFPD</subfield>
  </datafield>
  <datafield tag="999" ind1=" " ind2=" ">
    <subfield code="c">44608</subfield>
    <subfield code="d">44608</subfield>
  </datafield>
</record>
